The new law of real burdens (Record no. 74442)
[ view plain ]
| 000 -LEADER | |
|---|---|
| fixed length control field | 01032cab a2200253 4500 |
| 001 - CONTROL NUMBER | |
| control field | ABS67960 |
| 008 - FIXED-LENGTH DATA ELEMENTS--GENERAL INFORMATION | |
| fixed length control field | 040624n2004 000 0 eng u |
| 035 ## - SYSTEM CONTROL NUMBER | |
| System control number | (Sirsi) u126601 |
| 100 ## - MAIN ENTRY--PERSONAL NAME | |
| Personal name | McNeil, J. |
| 245 #4 - TITLE STATEMENT | |
| Title | The new law of real burdens |
| 260 ## - PUBLICATION, DISTRIBUTION, ETC. | |
| Date of publication, distribution, etc. | 2004 |
| 490 ## - SERIES STATEMENT | |
| Series statement | Journal of the Law Society of Scotland |
| Volume/sequential designation | 49(6) June 2004, 56-57(2) |
| 520 ## - SUMMARY, ETC. | |
| Summary, etc. | Concludes a series of six articles which look at the abolition of the feudal system in Scotland and its effect on land ownership. Looks at servitudes and pre-emption rights. Lists principal changes to the Abolition of Feudal Tenure etc (Scotland) Act 2000 contained in the Title Conditions (Scotland) Act 2003. (See also Abs67550, Abs67658 and Abs67864). |
| 590 ## - LOCAL NOTE (RLIN) | |
| Local note | ABS |
| 650 ## - SUBJECT ADDED ENTRY--TOPICAL TERM | |
| Topical term or geographic name entry element | SCOTLAND |
| 650 ## - SUBJECT ADDED ENTRY--TOPICAL TERM | |
| Topical term or geographic name entry element | ABOLITION OF FEUDAL TENURE ETC (SCOTLAND) ACT 2000 |
| 650 ## - SUBJECT ADDED ENTRY--TOPICAL TERM | |
| Topical term or geographic name entry element | TITLE CONDITIONS (SCOTLAND) ACT 2003 |
| 650 ## - SUBJECT ADDED ENTRY--TOPICAL TERM | |
| Topical term or geographic name entry element | FEUDAL SYSTEM |
| 650 ## - SUBJECT ADDED ENTRY--TOPICAL TERM | |
| Topical term or geographic name entry element | REAL BURDENS |
| 650 ## - SUBJECT ADDED ENTRY--TOPICAL TERM | |
| Topical term or geographic name entry element | LAND OWNERSHIP |
| 650 ## - SUBJECT ADDED ENTRY--TOPICAL TERM | |
| Topical term or geographic name entry element | LAND TENURE |
| 690 ## - LOCAL SUBJECT ADDED ENTRY--TOPICAL TERM (OCLC, RLIN) | |
| Topical term or geographic name as entry element | PROPERTY |
| 942 ## - ADDED ENTRY ELEMENTS (KOHA) | |
| Suppress in OPAC | 0 |
| Withdrawn status | Lost status | Source of classification or shelving scheme | Damaged status | Not for loan | Home library | Current library | Shelving location | Date acquired | Total Checkouts | Full call number | Barcode | Date last seen | Copy number | Price effective from | Koha item type |
|---|---|---|---|---|---|---|---|---|---|---|---|---|---|---|---|
| Dewey Decimal Classification | London | London | Journal article | 24/06/2004 | ABS67960 | 126601-1001 | 06/08/2019 | 1 | 06/08/2019 | Journal article |